La Financiación de la política en Iberoamerica /

Uloženo v:
Podrobná bibliografie
Hlavní autor: Castillo, Pilar del
Korporativní autor: Instituto Interamericano de Derechos Humanos
Další autoři: edit. Zovatto G., Daniel edit
Médium: Text
Vydáno: San José: Instituto Interamericano de Derechos Humanos
Témata:
Tagy: Přidat tag
Žádné tagy, Buďte první, kdo vytvoří štítek k tomuto záznamu!

MARC

LEADER 00000 a a2200000 04500
001 31201
003
040
020 |a 9968-778-21-4  
090 |a 196104  
100 |a Castillo, Pilar del  
110 |a Instituto Interamericano de Derechos Humanos  
245 |a La Financiación de la política en Iberoamerica /  |c Pilar del Castillo  
260 |a San José:   |b Instituto Interamericano de Derechos Humanos  
300 |a 736 p.  
650 |a FINANCIAMIENTO DE LA POLITICA  
650 |a PARTIDOS POLITICOS  
650 |a LEGISLACION  
650 |a GUATEMALA  
700 |a edit.   |a Zovatto G., Daniel   |a edit.  
999 |c 6175  |d 6175